000
00343cam a2200145ua 4500
041
_a
eng
_h
082
_a
821
_b
OMA/RU
100
_a
Omar, Khayam .
245
_a
Rubaiyat of Omar Khayam /
_c
Omar Khayam.
_h
Textual Documents
260
_a
London :
_b
Collins ,
_c
1961.
300
_a
316 ; .
504
_a
942
_c
BK
999
_c
6029
_d
6029